000 00997nam a2200301 i 4500
001 bg
100 1 _aFIGIEL, Szczepan
245 1 0 _aMarketing w agrobiznesie.1,Marketing towarów rolnych /
_cSzczepan Figiel, Wojciech Kozłowski, Stanisław Pilarski.
260 _aOlsztyn :
_bWydaw. Uniwersytetu Warmińsko-Mazurskiego,
_c2001.
300 _a131 s. :
_bil. ;
_c24 cm.
504 _aBibliogr.
650 9 _aRolnictwo
_xmarketing
650 9 _aRynek
_xrolnictwo
655 _aPodręczniki
700 1 _aKOZŁOWSKI, Wojciech
700 1 _aPILARSKI, Stanisław
015 _aPB 1885/2002
020 _a8372991073 (cz. 1)
020 _a8372991065 (całość)
040 _cBPK
041 0 _apol
080 _a338.43:339.146:633/637](07)
920 _a83-7299-107-3 (cz. 1)
920 _a83-7299-106-5 (całość)
942 _cKS
008 s pl f |000 0 pol
999 _c46195
_d46195
856 _uhttp://koha.tu.koszalin.pl/cgi-bin/koha/opac-detail.pl?biblionumber=46195
_yKatalog online BPK